[Event "Oskarja Memorial 10th"]
[Site "Chess.com INT"]
[Date "2021.01.16"]
[Round "2"]
[White "Zobenica, Cedomir"]
[Black "Bogic, Kristijan"]
[Result "0-1"]
[WhiteElo "1430"]
[BlackElo "1572"]
[PlyCount "72"]
[EventDate "2021.01.16"]
[EventType "swiss (blitz)"]
[EventRounds "15"]
[EventCountry "SLO"]
[SourceTitle "CBM 200 Extra"]
[Source "ChessBase"]
[SourceDate "2021.03.31"]
[SourceVersion "1"]
[SourceVersionDate "2021.03.31"]
[SourceQuality "1"]

1. e4 c5 2. Nf3 e6 3. d3 d5 4. exd5 exd5 5. c3 Nf6 6. Be2 Nc6 7. h3 Bd6 8. 0-0 0-0 9. a3 h6 10. b4 Re8 11. Re1 Qc7 12. Nbd2 Bf5 13. Bb2 b6 14. bxc5 bxc5 15. d4 c4 16. Bf1 Rxe1 17. Qxe1 Re8 18. Be2 Bd3 19. Ne5 Bxe5 20. dxe5 Rxe5 21. Nf3 Rxe2 22. Qd1 Rxb2 23. Nd4 Nxd4 24. cxd4 Qf4 25. Qe1 Re2 26. Qf1 Ra2 27. Qe1 Rxa1 28. Qxa1 Ne4 29. Qb2 Qxf2+ 30. Qxf2 Nxf2 31. Kxf2 Kf8 32. Ke3 Ke7 33. g3 Kd7 34. a4 Kc6 35. Kf4 Kb6 36. Ke5 Be4 0-1

[Event "CRO-chT3 South"]
[Site "Dubrovnik"]
[Date "2013.05.18"]
[Round "4.6"]
[White "Bogic, Kristijan"]
[Black "Moric, Josip"]
[Result "0-1"]
[WhiteElo "1795"]
[BlackElo "1921"]
[PlyCount "88"]
[EventDate "2013.04.27"]
[EventType "team-tourn"]
[EventRounds "7"]
[EventCountry "CRO"]
[SourceTitle "EXT 2014"]
[Source "ChessBase"]
[SourceDate "2013.11.20"]
[SourceVersion "1"]
[SourceVersionDate "2013.11.20"]
[SourceQuality "1"]
[WhiteTeam "Kastel"]
[BlackTeam "Sibenik II"]
[WhiteTeamCountry "CRO"]
[BlackTeamCountry "CRO"]

1. e4 c5 2. Nf3 d6 3. Bc4 e6 4. Nc3 Nc6 5. d3 h6 6. d4 cxd4 7. Nxd4 a6 8. a3 Nf6 9. Nxc6 bxc6 10. e5 Nd5 11. Qe2 Nxc3 12. bxc3 d5 13. Bd3 Qb6 14. Be3 Qb2 15. 0-0 Qxc3 16. Bd2 Qd4 17. c3 Qa7 18. Rfb1 c5 19. Bc2 Be7 20. Ba4+ Bd7 21. Qd1 0-0 22. Bxd7 Qxd7 23. Qb3 Ra7 24. Ra2 Bd8 25. c4 d4 26. Rc2 Bc7 27. Bf4 Qc6 28. Qf3 Qxf3 29. gxf3 f6 30. Re2 h5 31. h3 g5 32. Bh2 f5 33. f4 g4 34. Kg2 Rd8 35. Rbb2 Ba5 36. Rb1 d3 37. Reb2 d2 38. Rd1 Rad7 39. Bg1 Rd4 40. Rc2 Re4 41. Kf1 Re1+ 42. Rxe1 dxe1Q+ 43. Kg2 Qe4+ 44. Kg3 Rd3+ 0-1